KOHA-Header-6

Exploring Marketing Research (Record no. 9532)

000 -LEADER
fixed length control field 00245nam a2200109Ia 4500
020 ## - INTERNATIONAL STANDARD BOOK NUMBER
ISBN 9789812542922
100 ## - MAIN ENTRY--AUTHOR NAME
Personal name William G.Zikmund
245 #0 - TITLE STATEMENT
Title Exploring Marketing Research
260 ## - PUBLICATION, DISTRIBUTION, ETC. (IMPRINT)
Place of publication New Jersey
Name of publisher Willey
Year of publication 2007
300 ## - PHYSICAL DESCRIPTION
Number of Pages 159
942 ## - ADDED ENTRY ELEMENTS (KOHA)
Koha item type Books
Holdings
Withdrawn status Lost status Collection code Permanent Location Current Location Shelving location Date acquired Full call number Accession Number Koha item type
    Marketing MAJU MAJU   2019-09-14 891.43 5340 Marketing

Powered by Koha